Virtud política de una convocatoria
Publicado:
San Jorge, núm. 98 - 99 (desembre 1976), pàg 52 - 56 :
MARC
| LEADER | 00000nam a2200000Ia 4500 | ||
|---|---|---|---|
| 001 | |||
| 008 | 160829s9999 xx 000 0 cat d | ||
| 245 | |a Virtud política de una convocatoria | ||
| 260 | |a San Jorge, núm. 98 - 99 (desembre 1976), pàg 52 - 56 | ||
| 650 | |a Dia de la provincia |x Manresa |9 45529 | ||
| 650 | |a Samaranch, Joan Antoni |x Discursos |9 45530 | ||
| 901 | |a Arxiu | ||
| 942 | |n 1 | ||
| 952 | |0 0 |1 0 |4 0 |7 1 |9 52655 |a Arxiu |b Arxiu |d 2016-12-01 |l 0 |r 2016-12-01 00:00:00 |w 2016-12-01 |y ARXIU | ||
| 999 | |c 56504 |d 56504 | ||